El protagonismo de las víctimas en la elaboración de las leyes penales (Registro nro. 7694)
[ vista simple ]
| 000 -Cabecera | |
|---|---|
| Campo de control de longitud fija | 00828nam a22003017a 4500 |
| 005 - Fecha y hora de la última transacción | |
| Campo de control | 20250821130914.0 |
| 008 - Elementos de longitud fija--Información general | |
| Campo de control de longitud fija | 160224b2010 xxu||||| |||| 00| 0 spa d |
| 020 ## - International Standard Book Number | |
| Número Internacional Estándar del Libro (ISBN) | 9788498768688 |
| 041 ## - Idioma | |
| Código de idioma | Español |
| 082 ## - Clasificación Decimal Dewey | |
| Número de clasificación | 362.88 C414p |
| 100 ## - Entrada principal--Autor personal | |
| Nombre personal | Cerezo Domínguez, Ana Isabel |
| 9 (RLIN) | 5089 |
| 245 ## - Título propiamente dicho | |
| Título | El protagonismo de las víctimas en la elaboración de las leyes penales |
| 260 ## - Pie de imprenta | |
| Lugar de publicación, distribución, etc. | España |
| 260 ## - Pie de imprenta | |
| Nombre del editor, distribuidor, etc. | Tirant lo blanch |
| 260 ## - Pie de imprenta | |
| Fecha de publicación, distribución, etc. | 2010 |
| 300 ## - Descripción física | |
| Extensión | 95 páginas |
| 490 ## - Serie | |
| Título de la Serie | Investigación Criminal |
| 650 ## - Materia general | |
| Temática (materia general) | VÍCTIMAS |
| 650 ## - Materia general | |
| Temática (materia general) | POLÍTICA CRIMINAL |
| 650 ## - Materia general | |
| Temática (materia general) | MEDIOS DE COMUNICACIÓN |
| 650 ## - Materia general | |
| Temática (materia general) | GRUPOS DE PRESIÓN |
| 650 ## - Materia general | |
| Temática (materia general) | VIOLENCIA DE GÉNERO |
| 650 ## - Materia general | |
| Temática (materia general) | SISTEMA DE JUSTICIA JUVENIL |
| 650 ## - Materia general | |
| Temática (materia general) | TERRORISMO |
| 650 ## - Materia general | |
| Temática (materia general) | PEDERASTAS |
| 650 ## - Materia general | |
| Temática (materia general) | DELINCUENCIA |
| 942 ## - Punto de acceso adicional KOHA | |
| Tipo de ítem KOHA | Libro |
| Fuente del sistema de clasificación o colocación | Dewey Decimal Classification |
| Signatura completa | Código de barras | Programa Académico | Tipo de ítem |
|---|---|---|---|
| 362.88 C414p | 20385 | Investigación Criminal | Libro |
| 362.88 C414p | 20386 | Investigación Criminal | Libro |